00391nam a2200121Ia 4500008004100000100001900041245002800060245002000088260000900108856006000117999001900177952007300196160531s9999 xx 000 0 und d aAli, Mahamane. aDiversity of Ecosystems cby Mahamane Ali c2012 uhttp://www.intechopen.com/books/diversity-of-ecosystems c295106d295106 001040aCLbCLd2016-05-31l0r2016-05-31 00:00:00w2016-05-31yCBE